| 000 | 00403nam a2200169Ia 4500 | ||
|---|---|---|---|
| 005 | 20240823010712.0 | ||
| 008 | 240823s9999||||xx |||||||||||||| ||und|| | ||
| 082 | _A001.4 N9 | ||
| 100 | _a"Balxter,Loraine [et al]" | ||
| 245 | 0 | _aHow to Research | |
| 250 | _a1st | ||
| 260 |
_c1999 _b"Viva,New Delhi" |
||
| 500 | _aYES | ||
| 650 |
_aManagement _bManagement Studies |
||
| 942 | _cBK | ||
| 999 |
_c159408 _d159408 |
||